(Record no. 187521)

MARC details
000 -LEADER
fixed length control field 00465nam a2200145Ia 4500
041 ## - LANGUAGE CODE
Language code of text/sound track or separate title Arabic
082 ## - DEWEY DECIMAL CLASSIFICATION NUMBER
Classification number 210 cut-44 ط
100 ## - MAIN ENTRY--PERSONAL NAME
Personal name 20260118u\\\\\\\\\\\y0engy0103\\\\ba
Personal name جبار صابر طه
245 #0 - TITLE STATEMENT
Title اقامة المسؤولية المدنية عن العمل غير المشروع على عنصر الضرر
250 ## - EDITION STATEMENT
Edition statement ط1
260 ## - PUBLICATION, DISTRIBUTION, ETC. (IMPRINT)
Name of publisher, distributor, etc طبع مطابع جامعة الموصل
Place of publication, distribution, etc الموصل
Date of publication, distribution, etc 1984
300 ## - PHYSICAL DESCRIPTION
Extent 506
942 ## - ADDED ENTRY ELEMENTS (KOHA)
Koha item type Books
Holdings
Withdrawn status Lost status Damaged status Not for loan Collection code Home library Current library Shelving location Date acquired Total Checkouts Full call number Barcode Date last seen Copy number Price effective from Koha item type
          Koya University Central Library Koya University Central Library Books 18/01/2026   210 cut-44 ط 0000091152 18/01/2026 1 18/01/2026 Books